<?xml version="1.0" encoding="UTF-8"?>
<record
    xmlns:xsi="http://www.w3.org/2001/XMLSchema-instance"
    xsi:schemaLocation="http://www.loc.gov/MARC21/slim http://www.loc.gov/standards/marcxml/schema/MARC21slim.xsd"
    xmlns="http://www.loc.gov/MARC21/slim">

  <leader>02186    a2200301   4500</leader>
  <controlfield tag="001">49900</controlfield>
  <controlfield tag="005">20260407155759.0</controlfield>
  <controlfield tag="008">260407a2006    arg                 spa d</controlfield>
  <controlfield tag="003">AR-UNSa-BCEJYS</controlfield>
  <datafield tag="040" ind1=" " ind2=" ">
    <subfield code="a">AR-UNSa-BCEJYS</subfield>
    <subfield code="b">spa</subfield>
    <subfield code="c">AR-UNSa-BCEJYS</subfield>
  </datafield>
  <datafield tag="080" ind1=" " ind2=" ">
    <subfield code="a">330.43</subfield>
    <subfield code="x">Econometr&#xED;a</subfield>
  </datafield>
  <datafield tag="245" ind1="1" ind2="0">
    <subfield code="a">Introducci&#xF3;n a la econometr&#xED;a</subfield>
    <subfield code="p">un enfoque moderno</subfield>
  </datafield>
  <datafield tag="020" ind1=" " ind2=" ">
    <subfield code="a">84-9732-268-1</subfield>
  </datafield>
  <datafield tag="250" ind1=" " ind2=" ">
    <subfield code="a">2a. ed.</subfield>
  </datafield>
  <datafield tag="264" ind1=" " ind2="1">
    <subfield code="a">Madrid :</subfield>
    <subfield code="b">Thomson</subfield>
    <subfield code="c">2006</subfield>
  </datafield>
  <datafield tag="300" ind1=" " ind2=" ">
    <subfield code="a">xxxi, 960 p.</subfield>
    <subfield code="c">26 cm.</subfield>
  </datafield>
  <datafield tag="505" ind1=" " ind2=" ">
    <subfield code="a">1. La naturaleza de la econometr&#xED;a y los datos econom&#xE9;tricos &#x2013; 2. El modelo del regreso simple &#x2013; 3. An&#xE1;lisis de la regresi&#xF3;n m&#xFA;ltiple: estimaci&#xF3;n &#x2013; 4. An&#xE1;lisis de la regresi&#xF3;n m&#xFA;ltiple: inferencia &#x2013; 5. An&#xE1;lisis de regresi&#xF3;n m&#xFA;ltiple. Propiedades asint&#xF3;ticas del estimador MCO &#x2013; 6. An&#xE1;lisis de la regresi&#xF3;n m&#xFA;ltiple: cuestiones adicionales &#x2013; 7. An&#xE1;lisis de la regresi&#xF3;n m&#xFA;ltiple con informaci&#xF3;n cualitativa: variables binarias (o ficticias) - 8. Heretoscedasticidad &#x2013; 9. Otras cuestiones sobre problemas de especificaci&#xF3;n y de datos &#x2013; 10. An&#xE1;lisis de regresi&#xF3;n b&#xE1;sico con datos de series temporales &#x2013; 11. Otras cuestiones sobre el uso del estimador MCO con datos de series temporales &#x2013; 12. Autocorrelaci&#xF3;n y Heretoscedasticidad en regresiones de series temporales &#x2013; 13. Secciones cruzadas fusionadas en el tiempo de m&#xE9;todos simples de datos de panel &#x2013; 14. M&#xE9;todos avanzados para datos de panel - 15. Estimaci&#xF3;n por variables instrumentales y m&#xED;nimos cuadrados en dos etapas &#x2013; 16. Modelos de ecuaciones simult&#xE1;neas &#x2013; 17. Modelos de variables dependientes limitadas y correcciones en la selecci&#xF3;n muestral &#x2013; 18. Temas avanzados en series temporales &#x2013; 19. Como llevar a cabo un trabajo emp&#xED;rico.</subfield>
  </datafield>
  <datafield tag="041" ind1=" " ind2=" ">
    <subfield code="a">spa</subfield>
  </datafield>
  <datafield tag="942" ind1=" " ind2=" ">
    <subfield code="c">BK</subfield>
  </datafield>
  <datafield tag="590" ind1=" " ind2=" ">
    <subfield code="a">niveau_biblio:m niveau_hierar:0</subfield>
  </datafield>
  <datafield tag="100" ind1="1" ind2=" ">
    <subfield code="a">Wooldridge, Jeffrey M.</subfield>
  </datafield>
  <datafield tag="700" ind1="1" ind2=" ">
    <subfield code="a">Beyaert Stevens, Arielle</subfield>
  </datafield>
  <datafield tag="700" ind1="1" ind2=" ">
    <subfield code="a">Camacho Alonso, M&#xE1;ximo C.</subfield>
  </datafield>
  <datafield tag="700" ind1="1" ind2=" ">
    <subfield code="a">Quesada Medina, Alfonso J.</subfield>
  </datafield>
  <datafield tag="700" ind1="1" ind2=" ">
    <subfield code="a">Sancho Portero, F. Israel</subfield>
  </datafield>
  <datafield tag="700" ind1="1" ind2=" ">
    <subfield code="a">Garc&#xED;a Beyaert, Sof&#xED;a</subfield>
  </datafield>
  <datafield tag="856" ind1="4" ind2="1">
    <subfield code="u">https://www.biblioeco.unsa.edu.ar/pmb/images/libros/L128232.jpg</subfield>
    <subfield code="y">Imagen de portada</subfield>
    <subfield code="q">image/jpeg</subfield>
  </datafield>
  <datafield tag="999" ind1=" " ind2=" ">
    <subfield code="c">4914</subfield>
    <subfield code="d">4914</subfield>
  </datafield>
  <datafield tag="952" ind1=" " ind2=" ">
    <subfield code="0">0</subfield>
    <subfield code="1">0</subfield>
    <subfield code="4">0</subfield>
    <subfield code="7">0</subfield>
    <subfield code="a">BCEJYS</subfield>
    <subfield code="b">BCEJYS</subfield>
    <subfield code="c">16</subfield>
    <subfield code="d">2026-04-07</subfield>
    <subfield code="l">0</subfield>
    <subfield code="o">330.43 W913 2ed.</subfield>
    <subfield code="p">L128232</subfield>
    <subfield code="r">2026-04-07 15:57:59</subfield>
    <subfield code="w">2026-04-07</subfield>
    <subfield code="y">L</subfield>
  </datafield>
  <datafield tag="952" ind1=" " ind2=" ">
    <subfield code="0">0</subfield>
    <subfield code="1">0</subfield>
    <subfield code="4">0</subfield>
    <subfield code="7">0</subfield>
    <subfield code="a">BCEJYS</subfield>
    <subfield code="b">BCEJYS</subfield>
    <subfield code="c">16</subfield>
    <subfield code="d">2026-04-07</subfield>
    <subfield code="l">0</subfield>
    <subfield code="o">330.43 W913 2ed.</subfield>
    <subfield code="p">L128278</subfield>
    <subfield code="r">2026-04-07 15:57:59</subfield>
    <subfield code="w">2026-04-07</subfield>
    <subfield code="y">L</subfield>
    <subfield code="z">SUBRAYADO CON L&#xC1;PIZ Y LAPICERA - CANTO SUPERIOR MANCHADO Y LATERAL - P&#xC0;GINAS DOBLADAS DESDE 265 A 278</subfield>
  </datafield>
</record>
